000 00337nam a2200133Ia 4500
005 20251222175920.0
008 251222s9999||||xx |||||||||||||| ||spa||
020 _a84-470-0625-5
082 _a346.048/S36
100 _aSegura García, María José
245 0 _aDerecho Penal y Propiedad Industrial
264 _bCivitas
942 _cLIB
999 _c40647
_d40647